00318nam a2200121Ia 4500008004100000041000800041082001900049100002000068245004500088260002700133365001600160700002000176230718s9999 xx 000 0 und d aeng a711.54792bDEO aDeopujari U. P. aUniversities And Colleges In Maharashtra c1997bNagpur Law House cRs.b600.00 aDeopujari U. P.